000 00822cab a22002775a 4500
008 150812m20022004xxuad||f |||| 001 0 eng d
020 _a0766816362
020 _a9780766816343
040 _aEG-ScBUE
_beng
_cEG-ScBUE
082 0 4 _a604.2
_bMAD
_222
100 1 _aMadsen, David A.
245 1 _aEngineering drawing and design/
_cKevin Standiford, Catherine Stark.[etc..]
250 _a3rd ed.
260 _aAlbany;
_bDelmar Thomason Learning.
_cc 2002-2004.
300 _axx , 1018p.
_bill,col.
490 _aDelmar drafting series
500 _aindex 1005-1018.
504 _aGlossary 997-1003.
650 _aMechanical drawing
_2BUEsh
651 _2BUEsh
653 _bENGMEC
_cAugust2015
700 _4Stark, Catherine
700 _4Folkestad, James.
700 _4Turpin, Lee.
942 _cBB
_k604.2 MAD
_2ddc
999 _c138
_d138